Asia, una esperanza planes y posibilidades de la mitad neutral de la humanidad
Gorde:
| Egile nagusia: | |
|---|---|
| Formatua: | Liburua |
| Hizkuntza: | gaztelania |
| Argitaratua: |
Barcelona
Omega
1952
|
| Gaiak: | |
| Etiketak: |
Etiketa erantsi
Etiketarik gabe, Izan zaitez lehena erregistro honi etiketa jartzen!
|
MARC
| LEADER | 00000nam a2200000 a 4500 | ||
|---|---|---|---|
| 001 | UCU2075 | ||
| 003 | CL-VaPUC | ||
| 008 | 960419e19520000SP |||||||||||||||||spa|d | ||
| 082 | 0 | 4 | |a 915 |b ZIS |2 21 |
| 100 | 0 | |a Zischka, Anton |e author |9 357942 | |
| 245 | 1 | 0 | |a Asia, una esperanza planes y posibilidades de la mitad neutral de la humanidad |
| 300 | |a 315 p | ||
| 942 | |c BK | ||
| 945 | |d 19960419 00:00:00 |a paguirre | ||
| 260 | |a Barcelona |b Omega |c 1952 | ||
| 500 | |a Incluye 7 mapas | ||
| 650 | 0 | |a Geografía política |9 268296 | |
| 650 | 0 | |a Geografía económica |9 267757 | |
| 650 | 0 | |a Historia |9 255047 | |
| 650 | 0 | |a Comunicación |9 257251 | |
| 650 | 7 | |a PETROLEO |2 CL-VaPUC |9 320865 | |
| 650 | 0 | |a Minería |9 326008 | |
| 650 | 0 | |a Industrias |9 263688 | |
| 651 | 0 | |a Asia |9 268338 | |
| 651 | 7 | |a PAKISTAN |2 CL-VaPUC |9 357943 | |
| 651 | 0 | |a India |9 267804 | |
| 651 | 0 | |a China |9 257545 | |
| 651 | 0 | |a Rusia |9 256106 | |
| 651 | 7 | |a SIBERIA |2 CL-VaPUC |9 357887 | |
| 651 | 7 | |a MALASIA |2 CL-VaPUC |9 357944 | |
| 651 | 7 | |a BIRMANIA |2 CL-VaPUC |9 357930 | |
| 651 | 7 | |a INDOCHINA |2 CL-VaPUC |9 357888 | |
| 651 | 7 | |a COREA |2 CL-VaPUC |9 317315 | |
| 583 | |a last modification |c 19960419 00:00:00 |k Rodrigo Vera | ||
| 999 | |c 246468 |d 246466 | ||
| 952 | |0 0 |1 0 |4 0 |6 915_000000000000000_ZIS_1952 |7 0 |8 A |9 261471 |a BIBING |b BIBING |d 2019-11-19 |i 2018853 |o 915 ZIS 1952 |p 2018853 |r 2025-01-20 |w 2019-11-19 |y BK |k GEO | ||